| 000 | 00660 a2200181 4500 | ||
|---|---|---|---|
| 020 | _a0442214243 | ||
| 020 | _a9780442214241 | ||
| 090 |
_c2014 _d2014 |
||
| 100 | 1 | _aBumbarger, Wm. Bruce. | |
| 245 | 1 | 0 |
_aOperation function analysis : _bdo it yourself / _cWm. Bruce Bumbarger. |
| 260 |
_a[S.l.] : _bVan Nostrand Reinhold Company, _c1998. |
||
| 300 |
_a288 p. ; _c24 cm. |
||
| 500 | _aHardcover. | ||
| 700 | 1 | _aBumbarger, William Bruce. | |
| 856 | 4 | 0 |
_3Amazon.com _uhttp://www.amazon.com/exec/obidos/ASIN/0442214243/chopaconline-20 |
| 856 | 4 | 0 |
_3Amazon customer reviews _uhttp://www.chopac.org/cgi-bin/tools/azrev.pl?q=0442214243 |
| 942 |
_aNBS _cBK _k653.51 BUM |
||
| 999 |
_c344517 _d344517 |
||